000 00710nam a2200205Ii 4500
003 JO-AjNU
008 230605s9999||||xx |||||||||||||| ||und||
017 _a1979/4748
040 _aJO-AjNU
_bara
_erda
_cJO-AjNU
041 _aara
050 1 4 _aHG4026.S5242 1980
100 3 _aعبدالله، شوقي حسين,
_eauthor
_938541
245 0 0 _aالتمويل والادارة المالية
264 3 1 _aالقاهرة: دار النهضة العربية، 1980
300 _a547ص
_bيحتوي على ببلوغرافية من 543-547ص
336 _atext
_btxt
_2rdacontent
337 _aunmediated
_bn
_2rdamedia
338 _avolume
_bnc
_2rdacarrier
650 4 _aالادارة المالية
_938542
999 _aA16201
_c19769
_d19769